000 01047nam a22002657a 4500
999 _c21227
_d21227
003 AR-CdUCM
008 190321b ||||| |||| 00| 0 spa d
020 _a978-612-47281-4-3
040 _aMUNICIPALIDAD PROVINCIAL DEL CUSCO
_cBIBLIOTECA MUNICIPAL DEL CUSCO
082 _a581.467 / G26
_bG26
110 _aGobierno Regional Cusco
_922459
245 _aCatálogo de la biodiversidad de papas nativas tubérculos y granos andinos en cinco provincias de la Región Cusco /
260 _aCusco :
_bUniversidad Andina del Cusco,
_c2018.
300 _a394 paginas ;
_bilustraciones en color,
_c23 cm.
505 _aContenido: La Papa nativa -- La Oca -- El Olluco -- El Maíz -- El Tarwi -- La Quinua -- El Frijol.
650 _aInnovaciones agrícolas
_922348
650 _aTecnología agrícola
_922349
650 _aCambios climáticos
_922350
650 _aTubérculos
_944327
650 _aSeguridad alimentaria
_93933
650 _aComunidades campesinas
_92214
650 _aCusco Perú
_944328
942 _2ddc
_cLIBROS
945 _aRoel